Finish the TV Title Duo Quiz Stats

 Plays Quiz Updated Jan 9, 2013

Also try: Named TV Shows
Challenge
Share
Tweet
Embed
Score 0/24 Timer 04:00
6 Plays Today
Clue Answers % Correct
Beavis and _____ Butt-head
96.8%
Will & _____Grace
96.4%
Starsky and _____Hutch
95.4%
Freaks and _____ Geeks
87.3%
Sanford and _____Son
86.6%
Mork & _____ Mindy
86.5%
Ren and _____Stimpy
85.8%
Laverne and _____ Shirley
85.5%
Pinky and the _____Brain
81.1%
Lois and _____ Clark
80%
Phineas and _____ Ferb
76.4%
Cagney & _____ Lacey
74.1%
Clue Answers % Correct
Kenan & _____ Kel
64.4%
Drake & _____ Josh
60.9%
Mike & _____ Molly
57.7%
Hope and _____ Faith
56.8%
Chico and the _____ Man
53.4%
Jake and the _____ Fatman
49.1%
Kate & ____Allie
45.1%
Simon & _____ Simon
43.4%
McMillan & _____Wife
43.1%
BJ and the _____Bear
42.8%
The Ghost and ____Mrs. Muir
32.6%
Hardcastle and _____McCormick
31.6%

You're not logged in!

Compare scores with friends on all Sporcle quizzes.
Join for Free
OR
Log In

You Might Also Like...

Show Comments

Extras

Top Quizzes Today


Score Distribution

Your Account Isn't Verified!

In order to create a playlist on Sporcle, you need to verify the email address you used during registration. Go to your Sporcle Settings to finish the process.

Report this User

Report this user for behavior that violates our Community Guidelines.

Details: